[Event "Reunion op 09th"]
[Site "Reunion"]
[Date "2007.10.14"]
[Round "1"]
[White "Lorans, Maxime"]
[Black "Rougetet Hauguel, Frederique"]
[Result "0-1"]
[WhiteElo "1009"]
[BlackElo "1499"]
[PlyCount "44"]
[EventDate "2007.10.14"]
[EventType "swiss"]
[EventRounds "9"]
[EventCountry "RUF"]
[SourceTitle "EXT 2012"]
[Source "ChessBase"]
[SourceDate "2011.11.24"]
[SourceVersion "1"]
[SourceVersionDate "2011.11.24"]
[SourceQuality "1"]

1. e4 e5 2. Bc4 d6 3. Qh5 Nf6 4. Qf3 Be6 5. Bxe6 fxe6 6. Ne2 d5 7. exd5 exd5 8. Nbc3 c6 9. d4 e4 10. Qf4 Nbd7 11. 0-0 c5 12. dxc5 Bxc5 13. Qg5 0-0 14. Nxd5 Qa5 15. Bd2 Qb5 16. Nxf6+ Nxf6 17. Be3 b6 18. Nc3 Qxb2 19. Bxc5 Qxc3 20. Bxf8 Kxf8 21. Rad1 h6 22. Rc1 hxg5 0-1